[Event "ESP-ch Amateurs U2000"]
[Site "Murcia"]
[Date "2022.09.01"]
[Round "5.9"]
[White "Tarraga Navarro, Pablo"]
[Black "Molina Molina, Sergio"]
[Result "1/2-1/2"]
[WhiteElo "1960"]
[BlackElo "1846"]
[PlyCount "52"]
[EventDate "2022.08.30"]
[EventType "swiss"]
[EventRounds "7"]
[EventCountry "ESP"]
[SourceTitle "EXT 2024"]
[Source "ChessBase"]
[SourceDate "2023.10.10"]
[SourceVersion "1"]
[SourceVersionDate "2023.10.10"]
[SourceQuality "1"]

1. e4 d6 2. Nc3 Nf6 3. d4 Nbd7 4. Nf3 e5 5. g4 Nxg4 6. Rg1 Ngf6 7. Bc4 h6 8. Be3 c6 9. dxe5 dxe5 10. Qd3 b5 11. Bb3 Qc7 12. 0-0-0 Bb7 13. Nh4 g6 14. Qf1 a5 15. a4 b4 16. Qc4 Rh7 17. Nd5 Nxd5 18. exd5 0-0-0 19. dxc6 Qxc6 20. Qg4 Qe4 21. Qxe4 Bxe4 22. Bd5 Nf6 23. Bc4 Nd7 24. Bd5 Nf6 25. Bc4 Nd7 26. Bd5 Nf6 1/2-1/2

[Event "Quart de Poblet op 3rd"]
[Site "Quart de Poblet"]
[Date "2015.07.18"]
[Round "2.5"]
[White "Molina Molina, Sergio"]
[Black "Sanchez Saez, Francisco"]
[Result "0-1"]
[WhiteElo "1849"]
[BlackElo "2235"]
[PlyCount "54"]
[EventDate "2015.07.18"]
[EventType "swiss"]
[EventRounds "7"]
[EventCountry "ESP"]
[SourceTitle "EXT 2024"]
[Source "ChessBase"]
[SourceDate "2023.10.10"]
[SourceVersion "1"]
[SourceVersionDate "2023.10.10"]
[SourceQuality "1"]

1. e4 g6 2. g3 Bg7 3. Bg2 d6 4. f4 Nc6 5. Nf3 Bg4 6. c3 Nf6 7. d3 e5 8. Qb3 0-0 9. h3 Bxf3 10. Bxf3 exf4 11. Bxf4 Ne5 12. Be2 Qd7 13. Na3 a5 14. Qb5 c6 15. Qb3 b5 16. g4 b4 17. cxb4 axb4 18. Qxb4 Rfb8 19. Qd2 Qe6 20. 0-0 c5 21. g5 Nfd7 22. Kg2 Rb4 23. Bd1 Rxb2 24. Qxb2 Nxd3 25. Qe2 Rxa3 26. Bc1 Nxc1 27. Rxc1 Qxh3+ 0-1